000 01380nam a2200337 a 4500
001 00000250
003 DO-SdBNP
005 20160627100108.0
007 00000250
008 150130s2012 dr ac 000 0 spa d
020 _a9789945174243
040 _aBPMSU
_bspa
_cBPMSU
092 _a372.257
_bC569n, 2do. 2012
245 0 0 _aCiencias naturales 2 :
_beducación básica /
_ccolaboración Pilar Vacas ... [et al.] ; dirección editorial Doris Arroba Jácome ; ilustraciones Verónica Chaves
260 _aSanto Domingo :
_bSM,
_c2012.
300 _a151 p. :
_bil., retrs. ;
_c29 cm.
490 1 _aProyecto Sé
505 1 _tLa salud y los deportes --
_tConozco mi cuerpo --
_tLa buena alimentación --
_tEl sol, la tierra y la luna --
_tEl agua y el aire --
_tTodo lo que está vivo --
_tNecesitamos energía --
_tLa materia --
_tMáquinas y más máquinas --
650 4 _aCIENCIAS NATURALES
_xENSEÑANZA BÁSICA
650 4 _aCIENCIAS NATURALES
_xEDUCACIÓN PRIMARIA
650 4 _aEDUCACIÓN PRIMARIA
_zREPÚBLICA DOMINICANA
650 4 _aCIENCIAS NATURALES
_xESTUDIOS Y EJERCICIOS
650 4 _aCIENCIAS NATURALES
_xLIBROS DE TEXTOS
700 1 2 _aVacas, Pilar
_ecoord.
700 1 2 _aArroba Jácome, Doris
_eed.
700 1 2 _aChaves, Verónica
_eil.
830 0 _aProyecto Sé
910 _aValidado. Control de calidad MFF
942 _2ddc
_cBK
956 _aYLOCKWARD
_b10
999 _c9814
_d9814